000 00365nam a2200145Ia 4500
008 191201s1991 xx 000 0 und d
082 _a746.46
_bJEQ
100 _aJENKINS, Susan
245 0 _aQuilts the American Story
250 _a1st
260 _aN.Delhi
_bHarper Collins Publishers London
_c1991
300 _a256
650 _aGeneral Books
942 _2ddc
_cBK
999 _c2607
_d2607